000 00646nam a22002177a 4500
005 20170203121617.0
010 _aENG-107172
020 _a9788180549441
_c425.00
035 _aEN-90705
037 _bDBAD/PUB
082 _a658.1511
100 _aMaheshwari, S. N.
245 _aAccounting for management /
_cby S. N. Maheshwari [and] Sharad K. Maheshwari
250 _a3rd rev. & enl. ed
260 _aNew Delhi
_bSultan Chand
_c2012
270 _a23, Daryaganj
_bNew Delhi
_e110002
300 _avarious pagings
_c25cm(pbk)
520 _a13-14EN
700 _aMaheshwari, Sharad K.
942 _2ddc
_cEN
_mMAH
_h658.1511
999 _c75666
_d75666